Klikkaa saarten muotoja - Statistics

Yleistilastot
  • Tätä visaa on pelattu 52 kertaa
  • Keskiarvotulos 17 / 26
Vastaukset kartalla
Vastauksille on annettu kartalla punavihreä väri sen mukaan, kuinka moni on saanut sen oikein.
 
Vastaustilastot
Vastaus % Oikein
Iso-Britannia
97%
Grönlanti
95%
Islanti
95%
Sri Lanka
92%
Uusi-Guinea
89%
Irlanti
86%
Madagaskar
86%
Kuuba
84%
Tasmania
78%
Borneo
76%
Honshu
73%
Eteläsaari
70%
Baffin
65%
Jaava
65%
Hispaniola
62%
Sulawesi
59%
Sumatra
59%
Victoria
57%
Pohjoissaari
54%
Sahalin
54%
Hokkaido
51%
Newfoundland
49%
Luzon
43%
Mindanao
38%
Banks
32%
Ellesmere
32%
Ehtoja vastaavia visoja ei löytynyt
Tulosjakauma
Jokaisen tuloksen saaneiden osuus
Persentiili vastausten määrän mukaan
Tuloshistoriasi
Et ole pelannut tätä visaa